Translatológia - jej ciele vo vyučovaní

Didaktika prekladu. Kto môže učiť prekladať. Kto môže študovať prekladateľstvo. Čo je cieľom vyučovania prekladateľstva.

Gespeichert in:
Bibliographische Detailangaben
1. Verfasser: Seresová, Katarína, 1967-
Format: Buchkapitel
Sprache:Slowakisch
Schlagworte:
Tags: Tag hinzufügen
Keine Tags, Fügen Sie das erste Tag hinzu!

MARC

LEADER 00000nla$a2200000$$$4500
001 0119678
005 20240502072332.4
041 0 |a slo 
044 |a SK 
245 1 0 |a Translatológia - jej ciele vo vyučovaní  |c Katarína Seresová 
520 |a Didaktika prekladu. Kto môže učiť prekladať. Kto môže študovať prekladateľstvo. Čo je cieľom vyučovania prekladateľstva. 
610 2 0 |a vzdelávanie 
610 2 0 |a vyučovanie 
610 2 0 |a jazyky cudzie 
610 2 0 |a prekladatelia 
610 2 0 |a didaktika 
100 1 |a Seresová, Katarína, 1967-